[Event "Asian-ch Seniors zt 50 3.1"]
[Site "Chess.com INT"]
[Date "2020.07.13"]
[Round "3.1"]
[White "Hammoudeh, Ismail"]
[Black "Alzaim, Talal"]
[Result "1/2-1/2"]
[WhiteElo "2022"]
[BlackElo "2184"]
[PlyCount "106"]
[EventDate "2020.07.13"]
[EventType "swiss"]
[EventRounds "7"]
[EventCountry "JOR"]
[SourceTitle "EXT 2024"]
[Source "ChessBase"]
[SourceDate "2023.10.10"]
[SourceVersion "1"]
[SourceVersionDate "2023.10.10"]
[SourceQuality "1"]

1. e4 Nc6 2. d4 e5 3. d5 Nce7 4. c4 Ng6 5. g3 Nf6 6. Nc3 Bb4 7. Bd3 0-0 8. h4 d6 9. h5 Ne7 10. Bg5 Nd7 11. Nge2 f6 12. Be3 Bc5 13. Qd2 Bxe3 14. Qxe3 Nc5 15. Bc2 a5 16. 0-0-0 Bd7 17. f4 b6 18. f5 h6 19. Ng1 Kf7 20. Nf3 Ng8 21. Nh4 Ne7 22. Ng6 Rg8 23. Ne2 Nxg6 24. fxg6+ Ke7 25. Qf3 Qf8 26. g4 Kd8 27. Ng3 Kc8 28. Nf5 Kb7 29. Qa3 Bxf5 30. gxf5 Qe7 31. Qc3 Rgb8 32. Kd2 Kc8 33. b3 Kd8 34. Ra1 Ke8 35. a3 Kf8 36. b4 axb4 37. axb4 Nb7 38. Ba4 Nd8 39. Bb5 Rc8 40. Rxa8 Rxa8 41. Ra1 Rxa1 42. Qxa1 c5 43. bxc5 bxc5 44. Qa8 Kg8 45. Kc3 Qc7 46. Kb3 Kf8 47. Ka4 Ke7 48. Bc6 Qb6 49. Qa5 Qb8 50. Qb5 Qa7+ 51. Qa5 Qb8 52. Qb5 Qa7+ 53. Qa5 Qb8 1/2-1/2

[Event "SYR-ch"]
[Site "Damascus"]
[Date "2019.04.25"]
[Round "7"]
[White "Khader, Aram"]
[Black "Alzaim, Talal"]
[Result "1/2-1/2"]
[WhiteElo "2146"]
[BlackElo "2171"]
[PlyCount "55"]
[EventDate "2019.04.22"]
[EventType "tourn"]
[EventRounds "11"]
[EventCountry "SYR"]
[SourceTitle "CBM 190 Extra"]
[Source "ChessBase"]
[SourceDate "2019.07.15"]
[SourceVersion "1"]
[SourceVersionDate "2019.07.15"]
[SourceQuality "1"]

1. e4 e6 2. d4 d5 3. Nd2 Be7 4. e5 c5 5. c3 Nc6 6. Ndf3 cxd4 7. cxd4 Qb6 8. Bd3 Bd7 9. Ne2 Nb4 10. Bb1 Bb5 11. a3 Qa6 12. Bd2 Nd3+ 13. Bxd3 Bxd3 14. Nf4 Be4 15. Qe2 Qxe2+ 16. Kxe2 Bxf3+ 17. Kxf3 Bg5 18. Rac1 Kd7 19. Bb4 Bxf4 20. Kxf4 Nh6 21. g4 Rhc8 22. b3 Ng8 23. Ke3 Ne7 24. Bxe7 Kxe7 25. Kd2 Kd7 26. Rxc8 Rxc8 27. Rc1 Rxc1 28. Kxc1 1/2-1/2

[Event "Baghdad op 6th"]
[Site "Baghdad"]
[Date "2018.03.17"]
[Round "6"]
[White "Alzaim, Talal"]
[Black "Bayarmaa, Bayarjargal"]
[Result "1-0"]
[WhiteElo "2215"]
[BlackElo "2222"]
[PlyCount "91"]
[EventDate "2018.03.14"]
[EventType "swiss"]
[EventRounds "9"]
[EventCountry "IRQ"]
[SourceTitle "CBM 183 Extra"]
[Source "ChessBase"]
[SourceDate "2018.04.19"]
[SourceVersion "1"]
[SourceVersionDate "2018.04.19"]
[SourceQuality "1"]

1. d4 Nf6 2. c4 g6 3. Nc3 Bg7 4. e4 d6 5. h3 0-0 6. Be3 e5 7. d5 a5 8. Nf3 Na6 9. Be2 Nc5 10. Qc2 b6 11. Nd2 Ne8 12. g4 f5 13. gxf5 gxf5 14. exf5 Bxf5 15. Nde4 Qh4 16. Bxc5 bxc5 17. 0-0-0 a4 18. Bg4 a3 19. b3 Bh6+ 20. Kb1 Bg6 21. Ka1 Kh8 22. Qe2 Ng7 23. Ng3 e4 24. Ngxe4 Bxe4 25. Nxe4 Rae8 26. f3 Rxe4 27. fxe4 Rf2 28. Rhf1 Rxf1 29. Rxf1 Ne8 30. Kb1 Qg5 31. e5 dxe5 32. Qf2 Nd6 33. Qf6+ Qxf6 34. Rxf6 Kg7 35. Re6 Ne4 36. Kc2 Bf4 37. Re7+ Kg6 38. Rxc7 h5 39. Be2 Ng3 40. Kd1 Kf6 41. Rxc5 Ne4 42. Rc6+ Ke7 43. Kc2 h4 44. Ra6 Ng5 45. d6+ Kd8 46. Bg4 1-0

[Event "LIB-chT"]
[Site "Beirut"]
[Date "2017.09.08"]
[Round "3.3"]
[White "Matta, Dany"]
[Black "Alzaim, Talal"]
[Result "0-1"]
[WhiteElo "1661"]
[BlackElo "2213"]
[PlyCount "96"]
[EventDate "2017.09.06"]
[EventType "team"]
[EventRounds "9"]
[EventCountry "LBN"]
[SourceTitle "CBM 180 Extra"]
[Source "ChessBase"]
[SourceDate "2017.10.06"]
[SourceVersion "1"]
[SourceVersionDate "2017.10.06"]
[SourceQuality "1"]
[WhiteTeam "Kfarshima"]
[BlackTeam "Tanmieah"]
[WhiteTeamCountry "LBN"]
[BlackTeamCountry "LBN"]

1. e4 e6 2. d4 d5 3. exd5 exd5 4. Bd3 Nc6 5. Nc3 Nb4 6. Nge2 Nf6 7. 0-0 c6 8. a3 Nxd3 9. Qxd3 Be7 10. Re1 0-0 11. Bg5 Bg4 12. f3 Bh5 13. Nf4 Bg6 14. Nxg6 hxg6 15. Qe3 Re8 16. Bxf6 gxf6 17. Re2 Qb6 18. Na4 Qb5 19. b3 Kg7 20. Nc3 Qa5 21. Qd3 Bd6 22. a4 Rxe2 23. Nxe2 Rh8 24. g3 Re8 25. c3 Qb6 26. b4 a5 27. Rb1 axb4 28. cxb4 Bxb4 29. Kf2 Re7 30. Qb3 Qa6 31. Nf4 Bd2 32. Qa3 Re8 33. Qb2 Be3+ 34. Kg2 Bxf4 35. gxf4 Re2+ 36. Qxe2 Qxe2+ 37. Kg3 Qa6 38. f5 Qxa4 39. fxg6 Kxg6 40. Rxb7 Qxd4 41. h4 Qg1+ 42. Kf4 Qc1+ 43. Kg3 Qe1+ 44. Kh3 Kh5 45. Rb8 Qxh4+ 46. Kg2 Kg5 47. Rg8+ Kf5 48. Rg7 Qg5+ 0-1

[Event "Olympiad-42"]
[Site "Baku"]
[Date "2016.09.12"]
[Round "10.4"]
[White "Nitzborn, Max Baron"]
[Black "Alzaim, Talal"]
[Result "0-1"]
[WhiteElo "1970"]
[BlackElo "2259"]
[PlyCount "94"]
[EventDate "2016.09.02"]
[EventType "team-swiss"]
[EventRounds "11"]
[EventCountry "AZE"]
[SourceTitle "CBM 175"]
[Source "ChessBase"]
[SourceDate "2016.11.10"]
[SourceVersion "1"]
[SourceVersionDate "2016.11.10"]
[SourceQuality "1"]
[WhiteTeam "Namibia"]
[BlackTeam "Syria"]
[WhiteTeamCountry "NAM"]
[BlackTeamCountry "SYR"]

1. e4 e6 2. d4 d5 3. exd5 exd5 4. c4 Nf6 5. Nc3 Be7 6. Nf3 0-0 7. Bd3 Nc6 8. cxd5 Nb4 9. Bc4 Nbxd5 10. 0-0 c6 11. a3 Bg4 12. Re1 Bd6 13. Bg5 Qa5 14. Bd2 Nxc3 15. Bxc3 Qh5 16. h3 Bxf3 17. Qxf3 Qxf3 18. gxf3 Rfe8 19. Rad1 Rxe1+ 20. Rxe1 Rd8 21. Re3 Kf8 22. Kf1 Be7 23. Ke1 Nd5 24. Bxd5 Rxd5 25. Re5 Rd7 26. Ke2 g6 27. f4 Bd6 28. Re4 f5 29. Re3 Bxf4 30. Rd3 Kf7 31. Rf3 Bg5 32. Rd3 Rd5 33. Bb4 Bf6 34. Bc3 g5 35. f3 h5 36. Ke3 Rd8 37. Ke2 Ke6 38. b3 Kd5 39. Kf2 Re8 40. Bb2 b5 41. Rd2 a5 42. Rd1 f4 43. Rc1 Re3 44. b4 axb4 45. axb4 Rb3 46. Rc5+ Kd6 47. Ba1 Ra3 0-1

[Event "Olympiad-42"]
[Site "Baku"]
[Date "2016.09.06"]
[Round "5.4"]
[White "Alzaim, Talal"]
[Black "Fekadu, Desalegn Jimma"]
[Result "0-1"]
[WhiteElo "2259"]
[BlackElo "2104"]
[PlyCount "100"]
[EventDate "2016.09.02"]
[EventType "team-swiss"]
[EventRounds "11"]
[EventCountry "AZE"]
[SourceTitle "CBM 175"]
[Source "ChessBase"]
[SourceDate "2016.11.10"]
[SourceVersion "1"]
[SourceVersionDate "2016.11.10"]
[SourceQuality "1"]
[WhiteTeam "Syria"]
[BlackTeam "Ethiopia"]
[WhiteTeamCountry "SYR"]
[BlackTeamCountry "ETH"]

1. d4 d5 2. c4 e6 3. Nc3 Nf6 4. cxd5 exd5 5. Bg5 Be7 6. e3 0-0 7. Bd3 Be6 8. Qc2 Nbd7 9. Nge2 h6 10. Bh4 c5 11. Nf4 cxd4 12. Nxe6 fxe6 13. exd4 Qb6 14. Rd1 Kh8 15. Bb5 Bb4 16. Qa4 Bxc3+ 17. bxc3 Qc7 18. 0-0 Nb6 19. Qc2 Ne4 20. Rc1 Rac8 21. Bd3 Nxc3 22. Bg3 Ne2+ 23. Qxe2 Qxc1 24. Qxe6 Qg5 25. Be5 Rc6 26. Qh3 Nc4 27. f4 Qe7 28. Bxc4 dxc4 29. f5 Qg5 30. d5 Rcc8 31. Qc3 Rxf5 32. Bxg7+ Kg8 33. Rxf5 Qxf5 34. Bxh6 Qg6 35. Bc1 Qd3 36. Qe1 Qxd5 37. Qg3+ Kf7 38. Qf4+ Ke8 39. h3 Kd7 40. Qg4+ Qe6 41. Qd4+ Kc6 42. Bf4 b6 43. a4 Kb7 44. Qc3 Qe4 45. Qg7+ Ka6 46. Bg3 c3 47. Qd7 Qc4 48. Bf4 Rf8 49. Bd6 c2 50. Ba3 Rf1+ 0-1

[Event "SYR-ch"]
[Site "Damascus"]
[Date "2015.05.02"]
[Round "3"]
[White "Maradni, Ghassan"]
[Black "Alzaim, Talal"]
[Result "0-1"]
[WhiteElo "1972"]
[BlackElo "2186"]
[PlyCount "54"]
[EventDate "2015.04.30"]
[EventType "swiss"]
[EventRounds "9"]
[EventCountry "SYR"]
[SourceTitle "CBM 166 Extra"]
[Source "ChessBase"]
[SourceDate "2015.06.18"]
[SourceVersion "1"]
[SourceVersionDate "2015.06.18"]
[SourceQuality "1"]

1. Nf3 Nf6 2. d4 d5 3. g3 c6 4. Bg2 Bf5 5. Nbd2 e6 6. c4 Nbd7 7. b3 h6 8. Bb2 Be7 9. 0-0 0-0 10. Ne5 a5 11. Re1 a4 12. e4 dxe4 13. Nxe4 Nxe4 14. Bxe4 Bb4 15. Re3 a3 16. Bc1 Nxe5 17. Bxf5 exf5 18. Rxe5 Bc3 19. Be3 Bxa1 20. Qxa1 Qd7 21. Qb1 g6 22. d5 Rfe8 23. Rxe8+ Rxe8 24. Bxh6 cxd5 25. cxd5 Qxd5 26. Qc1 Rd8 27. Qxa3 Qf3 0-1

[Event "Istanbul op-A 10th"]
[Site "Istanbul"]
[Date "2011.09.17"]
[Round "7"]
[White "Koseoglu, Ahmet"]
[Black "Alzaim, Talal"]
[Result "0-1"]
[WhiteElo "1949"]
[BlackElo "2232"]
[PlyCount "172"]
[EventDate "2011.09.12"]
[EventType "swiss"]
[EventRounds "9"]
[EventCountry "TUR"]
[SourceTitle "CBM 144 Extra"]
[Source "ChessBase"]
[SourceDate "2011.10.28"]
[SourceVersion "1"]
[SourceVersionDate "2011.10.28"]
[SourceQuality "1"]

1. e4 e5 2. Nf3 Nc6 3. Bb5 a6 4. Ba4 Nf6 5. 0-0 Be7 6. Re1 b5 7. Bb3 d6 8. c3 0-0 9. h3 Nd7 10. d3 Na5 11. Nbd2 Nxb3 12. axb3 Nc5 13. Qe2 f5 14. b4 Ne6 15. Nf1 Bb7 16. Ng3 fxe4 17. dxe4 Nf4 18. Qd1 g6 19. Nh2 Kg7 20. Be3 Rf7 21. Nhf1 h5 22. f3 Qd7 23. Kh2 Raf8 24. Nh1 Bh4 25. Bf2 Bg5 26. Be3 Bc8 27. Bxf4 Bxf4+ 28. Kg1 Qe7 29. Nf2 Qh4 30. Qe2 Kh7 31. Red1 Bh6 32. Ra3 Qf6 33. Rda1 Bg5 34. Ne3 Bh4 35. Nd5 Qg5 36. Qe3 c6 37. Qxg5 Bxg5 38. Nb6 Bb7 39. c4 Bd8 40. c5 Bxb6 41. cxb6 Kg7 42. Rd1 Rd7 43. Nd3 Rfd8 44. Nc1 Kf6 45. Rad3 d5 46. Nb3 d4 47. Nc5 Re7 48. h4 g5 49. hxg5+ Kxg5 50. Kf2 h4 51. Rh1 Rb8 52. Rh3 Bc8 53. Rh1 Rxb6 54. g3 Rh7 55. gxh4+ Rxh4 56. Rxh4 Kxh4 57. Rd1 Rb8 58. Rg1 a5 59. bxa5 b4 60. a6 Rb5 61. Rc1 Ra5 62. a7 Rxa7 63. Rh1+ Kg5 64. Rh8 Ba6 65. Rd8 Bb5 66. Kg3 Kf6 67. Rd6+ Kf7 68. Kg4 Ke8 69. Kf5 Re7 70. Kf6 d3 71. Ne6 Rd7 72. Ng7+ Kd8 73. Ne6+ Kc8 74. Rxd7 Kxd7 75. Nc5+ Kd6 76. Nb3 c5 77. Nd2 c4 78. Nb1 Ba4 79. f4 exf4 80. e5+ Kd5 81. Kf5 f3 82. Kf4 f2 83. Nd2 c3 84. bxc3 bxc3 85. Nf1 c2 86. Ne3+ Ke6 0-1

[Event "Istanbul op-A 10th"]
[Site "Istanbul"]
[Date "2011.09.16"]
[Round "6"]
[White "Alzaim, Talal"]
[Black "Bagaturov, Giorgi"]
[Result "0-1"]
[WhiteElo "2232"]
[BlackElo "2468"]
[PlyCount "114"]
[EventDate "2011.09.12"]
[EventType "swiss"]
[EventRounds "9"]
[EventCountry "TUR"]
[SourceTitle "CBM 144 Extra"]
[Source "ChessBase"]
[SourceDate "2011.10.28"]
[SourceVersion "1"]
[SourceVersionDate "2011.10.28"]
[SourceQuality "1"]

1. d4 Nf6 2. c4 g6 3. Nc3 Bg7 4. e4 d6 5. Nf3 0-0 6. Be2 e5 7. dxe5 dxe5 8. Qxd8 Rxd8 9. h3 Re8 10. Be3 c6 11. 0-0 Nbd7 12. Rad1 Bf8 13. Nd2 Kg7 14. a3 Bc5 15. Bxc5 Nxc5 16. b4 Ne6 17. c5 Nd4 18. Bd3 Be6 19. Bc4 b5 20. cxb6 axb6 21. a4 b5 22. Bxe6 Rxe6 23. a5 Nc2 24. Na2 c5 25. bxc5 Rxa5 26. Nc1 Ra3 27. Nb1 Ra4 28. Nc3 Rc4 29. Nxb5 Rxc5 30. Nd6 Nd4 31. Nb7 Rc2 32. Rfe1 Rb6 33. Na5 Rb5 34. Rxd4 exd4 35. e5 Rb4 36. Nab3 Nd5 37. Rd1 Nf4 38. Kf1 Ne6 39. Nd2 Rbb2 40. Ke1 Nc5 41. g3 h5 42. f4 Rxc1 43. Rxc1 Nd3+ 44. Kd1 Nxc1 45. Kxc1 Ra2 46. Kd1 Ra3 47. Nf1 h4 48. gxh4 Rxh3 49. Ke2 Kh6 50. Nd2 Kh5 51. Nc4 d3+ 52. Kd2 Rf3 53. Ne3 Rxf4 54. Kxd3 Kxh4 55. Ng2+ Kg3 56. Nxf4 Kxf4 57. Kd4 g5 0-1

[Event "Tripoli op"]
[Site "Tripoli"]
[Date "2010.03.05"]
[Round "8"]
[White "Haddouche, Mohamed Amine"]
[Black "Alzaim, Talal"]
[Result "1/2-1/2"]
[WhiteElo "2395"]
[BlackElo "2225"]
[PlyCount "61"]
[EventDate "2010.02.27"]
[EventType "swiss"]
[EventRounds "9"]
[EventCountry "LBY"]
[SourceTitle "CBM 135 Extra"]
[Source "ChessBase"]
[SourceDate "2010.05.04"]
[SourceVersion "1"]
[SourceVersionDate "2010.05.04"]
[SourceQuality "1"]

1. Nf3 Nf6 2. g3 d5 3. Bg2 e6 4. 0-0 Be7 5. d3 0-0 6. Nbd2 b6 7. e4 dxe4 8. Ng5 Nbd7 9. Ndxe4 Rb8 10. Qe2 Bb7 11. Re1 Nxe4 12. Nxe4 Nf6 13. Bf4 Re8 14. Rad1 Ba8 15. Be5 Rc8 16. a3 Nd7 17. d4 Nf6 18. Bxf6 Bxf6 19. Qa6 Bd5 20. Rd2 Bxe4 21. Bxe4 c5 22. c3 Rc7 23. d5 exd5 24. Rxd5 Qxd5 25. Bxd5 Rxe1+ 26. Kg2 g6 27. Qb5 Rce7 28. Bc4 Kg7 29. a4 Ra1 30. Kf3 h5 31. h4 1/2-1/2

[Event "Tripoli op"]
[Site "Tripoli"]
[Date "2010.03.04"]
[Round "7"]
[White "Chahrani, Ibrahim"]
[Black "Alzaim, Talal"]
[Result "1/2-1/2"]
[WhiteElo "2258"]
[BlackElo "2225"]
[PlyCount "83"]
[EventDate "2010.02.27"]
[EventType "swiss"]
[EventRounds "9"]
[EventCountry "LBY"]
[SourceTitle "CBM 135 Extra"]
[Source "ChessBase"]
[SourceDate "2010.05.04"]
[SourceVersion "1"]
[SourceVersionDate "2010.05.04"]
[SourceQuality "1"]

1. e4 e5 2. Nf3 Nc6 3. Bb5 a6 4. Ba4 Nf6 5. 0-0 Be7 6. Bxc6 dxc6 7. Qe1 Nd7 8. d3 0-0 9. Nbd2 f6 10. Nc4 Nc5 11. b3 Ne6 12. Bb2 Kh8 13. a4 c5 14. Ne3 Nd4 15. Nxd4 cxd4 16. Nf5 Re8 17. Nxe7 Qxe7 18. f4 c5 19. a5 Bd7 20. Qh4 exf4 21. Qxf4 Rac8 22. Rf3 Rf8 23. Raf1 f5 24. Bc1 Kg8 25. exf5 Rxf5 26. Qg3 Rxf3 27. Qxf3 Bc6 28. Qf5 Re8 29. Bg5 Qd7 30. Qxd7 Bxd7 31. Kf2 Kf7 32. Re1 Rxe1 33. Kxe1 Ke6 34. Kf2 Bc6 35. Bd8 Ke5 36. Be7 Kd5 37. Kg3 Be8 38. Kf4 Bh5 39. g4 Be8 40. Bf8 g6 41. Kg5 h5 42. h3 1/2-1/2

[Event "Arab Cities-chT"]
[Site "Cairo"]
[Date "2009.10.27"]
[Round "4"]
[White "Alzaim, Talal"]
[Black "Al Matmati, Amro Ali"]
[Result "1-0"]
[WhiteElo "2208"]
[BlackElo "2048"]
[PlyCount "105"]
[EventDate "2009.10.25"]
[EventType "team-tourn"]
[EventRounds "9"]
[EventCountry "EGY"]
[SourceTitle "EXT 2010"]
[Source "ChessBase"]
[SourceDate "2010.11.25"]
[SourceVersion "1"]
[SourceVersionDate "2010.11.25"]
[SourceQuality "1"]
[WhiteTeam "Damascus"]
[BlackTeam "Tagora"]
[WhiteTeamCountry "SYR"]
[BlackTeamCountry "LBY"]

1. d4 Nf6 2. c4 e6 3. Nc3 d5 4. Bg5 c6 5. e3 Nbd7 6. cxd5 exd5 7. Bd3 Be7 8. Qc2 0-0 9. Nf3 Re8 10. 0-0 Nf8 11. Rab1 a5 12. a3 Ng6 13. b4 axb4 14. axb4 Ng4 15. Bxe7 Qxe7 16. b5 Nf6 17. bxc6 bxc6 18. Na4 Ba6 19. Bxa6 Rxa6 20. Nc5 Ra7 21. Rfc1 Rc8 22. h3 Ne8 23. Nd3 Nd6 24. Nfe5 Rac7 25. Qc5 Nxe5 26. Nxe5 f6 27. Nd3 Nc4 28. Ra1 Kf7 29. Ra6 Qxc5 30. Nxc5 Nd6 31. Nd3 Nc4 32. Nb4 f5 33. g4 g6 34. Kg2 Ke7 35. Rc2 Kd7 36. Nd3 Re8 37. gxf5 gxf5 38. Kf3 Kd6 39. Rca2 Re6 40. Nf4 Ree7 41. Ra8 Kd7 42. Rf8 Nd6 43. Raa8 Re8 44. Raxe8 Nxe8 45. Rxf5 Nd6 46. Rf6 Ne4 47. Rf8 Ke7 48. Rb8 Kf6 49. Rf8+ Ke7 50. Ra8 Kf6 51. Rd8 Ke7 52. Rxd5 cxd5 53. Nxd5+ 1-0